The boatman of the Padma / (Record no. 75788)
[ view plain ]
| 000 -LEADER | |
|---|---|
| fixed length control field | 00786nam a22002297a 4500 |
| 005 - DATE AND TIME OF LATEST TRANSACTION | |
| control field | 20140901163201.0 |
| 010 ## - LCCN (DPL NO) | |
| LC control number | ENG-107197 |
| 020 ## - INTERNATIONAL STANDARD BOOK NUMBER | |
| International Standard Book Number | 9788125049340 |
| Terms of availability | 250.00 |
| 035 ## - SYSTEM CONTROL NUMBER | |
| System control number | EN-90730 |
| 035 ## - SYSTEM CONTROL NUMBER | |
| System control number | B-512718-721 |
| 037 ## - SOURCE OF ACQUISITION | |
| Source of stock number/acquisition | DBAD/PUB |
| 082 ## - DEWEY DECIMAL CLASSIFICATION NUMBER | |
| Classification number | N |
| 100 ## - MAIN ENTRY--PERSONAL NAME | |
| Personal name | Bandyopadhyay, Manik |
| 245 00 - TITLE STATEMENT | |
| Title | The boatman of the Padma / |
| Statement of responsibility, etc | by Manik Bandyopadhyay; translated by Ratan Kumar Chattopadhyay from the Bengali by Padma Nadir Majhi |
| 260 ## - PUBLICATION, DISTRIBUTION, ETC. (IMPRINT) | |
| Place of publication, distribution, etc | New Delhi |
| Name of publisher, distributor, etc | Orient BlackSwan |
| Date of publication, distribution, etc | 2012 |
| 270 ## - ADDRESS | |
| Address | I/24 Asaf Ali Road |
| City | New Delhi |
| Postal code | 110002 |
| 300 ## - PHYSICAL DESCRIPTION | |
| Extent | xviii,155p. |
| Dimensions | 22cm(pbk) |
| 700 ## - ADDED ENTRY--PERSONAL NAME | |
| Personal name | Chattopadhyay, Ratan Kumar |
| 700 ## - ADDED ENTRY--PERSONAL NAME | |
| Personal name | Majhi, Padma Nadir |
| 942 ## - ADDED ENTRY ELEMENTS (KOHA) | |
| Source of classification or shelving scheme | Dewey Decimal Classification |
| Item type | English Books |
| Classification part | N |
| Call number suffix | BAN |
| Withdrawn status | Lost status | Not for loan | Collection code | Home library | Current library | Date acquired | Source of acquisition | Cost, normal purchase price | Full call number | Barcode | Copy number | Cost, replacement price | Koha item type |
|---|---|---|---|---|---|---|---|---|---|---|---|---|---|
| Fiction | Central Library | Central Library | 19/06/2013 | BSB/885/09.03.2013/169/08.03.2013/23.03.2013 | 250.00 | N BAN | B-512718 | 1 | 250.00 | English Books | |||
| Not For Loan | Fiction | D.B.Act.Division | D.B.Act.Division | 20/05/2013 | DBAD/PUB | 250.00 | N BAN | EN-90730 | 1 | 250.00 | English Books | ||
| Fiction | Janak Puri | Janak Puri | 19/06/2013 | BSB/885/09.03.2013/169/08.03.2013/23.03.2013 | 250.00 | N BAN | B-512720 | 1 | 250.00 | English Books | |||
| Fiction | Karol Bagh | Karol Bagh | 19/06/2013 | BSB/885/09.03.2013/169/08.03.2013/23.03.2013 | 250.00 | N BAN | B-512721 | 1 | 250.00 | English Books | |||
| Fiction | Patel Nagar | Patel Nagar | 19/06/2013 | BSB/885/09.03.2013/169/08.03.2013/23.03.2013 | 250.00 | N BAN | B-512719 | 1 | 250.00 | English Books |
